Kormos prózája

Elmentve itt :
Bibliográfiai részletek
Szerző: Kiss Ferenc
További közreműködők: Kormos István
Dokumentumtípus: Cikk
Megjelent: 1983
Sorozat:Tiszatáj 37 No. 10
Kulcsszavak:Magyar irodalom - próza - 20. sz., Kormos István
Online Access:http://tiszataj.bibl.u-szeged.hu/12346
LEADER 00614nab a2200193 i 4500
001 tisza12346
005 20200330142806.0
008 161130s1983 hu o 0|| hun d
022 |a 0133-1167 
040 |a SZTE Tiszatáj Archívum  |b hun 
041 |a hun 
100 1 |a Kiss Ferenc 
245 1 0 |a Kormos prózája  |h [elektronikus dokumentum] /  |c  Kiss Ferenc 
260 |c 1983 
300 |a 31-36 
490 0 |a Tiszatáj  |v 37 No. 10 
695 |a Magyar irodalom - próza - 20. sz., Kormos István 
700 0 1 |a Kormos István 
856 4 0 |u http://tiszataj.bibl.u-szeged.hu/12346/1/tiszataj_1983_010_031-036.pdf  |z Dokumentum-elérés